Biblioteca

Disculpe...+es usted una bruja? / Emily Horn ; traducción Cristina Puerta (Registro nro. 48657)

Detalles MARC
000 -LÍDER
Campo fijo de descripción fija 005600000a22002050004500
001 - NÚMERO DE CONTROL
Campo de control 1497
003 - IDENTIFICADOR DEL NÚMERO DE CONTROL
Campo de control CO-MdFUSB
005 - FECHA Y HORA DE LA ULTIMA TRANSACCIÓN
control field 20170522181445.0
008 - ELEMENTOS DE LONGITUD FIJA -- INFORMACIÓN GENERAL
Campo fijo de descripción fija -- Información general 170522b xxu||||| |||| 00| 0 eng d
020 ## - NÚMERO INTERNACIONAL NORMALIZADO PARA LIBROS
Número Internacional Normalizado del libro 978-958-04-9692-2
040 ## - FUENTE DE CATALOGACIÓN
Agencia que realiza la transcripción CO-MdBIC
082 04 - NÚMERO DE CLASIFICACIÓN DECIMAL DEWEY
Número de clasificación 863C B862di
100 1# - ASIENTO PRINCIPAL--NOMBRE PERSONAL
Nombre personal Horn, Emily
245 10 - TÍTULO
Título del Material Disculpe...+es usted una bruja? / Emily Horn ; traducción Cristina Puerta
260 ## - PUBLICACIÓN, DISTRIBUCIÓN, ETC. (PIE DE IMPRENTA)
Lugar de publicación, distribución, etc. Bogotá : Norma
300 ## - DESCRIPCIÓN FÍSICA
Extensión 36 P.
500 ## - NOTA GENERAL
Nota General Para niños de 3 a 8 años
650 14 - ASIENTO SECUNDARIO DE MATERIA - TERMINO TEMÁTICO
Término temático o nombre geográfico como elemento de entrada Cuentos infantiles ingleses \ Gatos \ Brujas
942 ## - TIPO DE MATERIAL (KOHA)
Tipo de Item KOHA Z- Libro General BINCO
Existencias
Estado de Material Estado de Perdido Forma de Clasificación Estado de Dañado No para Préstamo Tomo Biblioteca de Origen Biblioteca Permanente Fecha de Adquisición Total de Préstamos Signatura Topográfica Código de Barras Última vez visto Última vez Préstado Ejemplar/Existencia Fecha de Remplazo Tipo de Material
    Dewey Decimal Classification       Biblioteca Infantil Comunitaria BINCO Biblioteca Infantil Comunitaria BINCO 05/09/2008 5 863C B862de B32280 20/08/2024 12/08/2024 1 26/01/2016 Z- Libro General BINCO

Biblioteca FUSBC | Teléfono: (57+4) 349 88 10 Ext. 141| WhatsApp (+57) 3005338115 
E-mail: biblioteca@unisbc.edu.co | Calle 76 87-14 Robledo Palenque, Medellín, Colombia

Con tecnología Koha